International Cuisine Multiple Choice - II - Statistics

General Stats
  • This quiz has been taken 35 times
  • The average score is 13 of 15
Answer Stats
Question Answer % Correct
Sushi
100%
Bratwurst
100%
Focaccia
100%
Shakshuka
100%
Tagliatelle
100%
Risotto
100%
Pierogi
100%
Crepes
100%
Dhokla
80%
Albondigas
80%
Bulgogi
80%
Tamales
80%
Pastel de Nata
80%
Samosa
80%
Pavlova
20%
No matching quizzes found
Score Distribution
Percent of People with Each Score
Percentile by Number Answered
Your Score History
You have not taken this quiz